[Event "4th Lost Boys op"]
[Site "Antwerp BEL"]
[Date "1996.08.08"]
[Round "6"]
[White "De Jonghe, Peter"]
[Black "Grooten, Herman"]
[Result "0-1"]
[WhiteElo "2245"]
[BlackElo "2375"]
[EventDate "1996.08.02"]
[PlyCount "62"]

1.e4 c5 2.Nc3 d6 3.g3 g6 4.Bg2 Bg7 5.d3 Nc6 6.Be3 h5 7.Qd2 h4 8.h3 hxg3 9.
fxg3 Nd4 10.Nd1 e5 11.c3 Ne6 12.Ne2 Ne7 13.d4 c4 14.Nf2 b6 15.O-O-O Bb7 
16.dxe5 dxe5 17.Qc2 Qc7 18.Rd2 Nc5 19.Kb1 b5 20.g4 Rd8 21.Rhd1 Rxd2 22.
Qxd2 f5 23.gxf5 gxf5 24.Bxc5 Qxc5 25.Qd7+ Kf7 26.Qxb7 Qxf2 27.exf5 Qxe2 
28.Bf3 Qf2 29.Qd7 Qxf3 30.Qe6+ Ke8 31.Qd7+ Kf8 0-1

[Event "4th Lost Boys op"]
[Site "Antwerp BEL"]
[Date "1996.08.08"]
[Round "6"]
[White "Delemarre, Jop"]
[Black "Valens, Vincent"]
[Result "1-0"]
[WhiteElo "2360"]
[BlackElo "2145"]
[EventDate "1996.08.02"]
[PlyCount "41"]

1.d4 d5 2.c4 Nc6 3.Nc3 Nf6 4.Bg5 dxc4 5.Nf3 Qd6 6.e4 e5 7.d5 Nb8 8.Nd2 
Nfd7 9.Nb5 Qc5 10.Nxc4 Na6 11.Rc1 Qb4+ 12.Bd2 Qe7 13.d6 Qh4 14.dxc7 Qxe4+ 
15.Be2 Qd5 16.O-O Be7 17.Be3 Qxd1 18.Rfxd1 O-O 19.Nxa7 Nac5 20.Nxc8 Rfxc8 
21.Bxc5 1-0

[Event "4th Lost Boys op"]
[Site "Antwerp BEL"]
[Date "1996.08.08"]
[Round "6"]
[White "Eliet, Nicolas"]
[Black "Abeln, Michiel"]
[Result "1-0"]
[WhiteElo "2380"]
[BlackElo "2100"]
[EventDate "1996.08.02"]
[PlyCount "81"]

1.d4 Nf6 2.Bg5 d6 3.Bxf6 exf6 4.e3 g6 5.c4 Bg7 6.Nc3 f5 7.Nge2 c6 8.g3 O-O
9.Bg2 Nd7 10.O-O Nf6 11.b4 Bd7 12.Rb1 a6 13.a4 Re8 14.Rb3 h5 15.b5 h4 16.
Qd3 hxg3 17.hxg3 Ng4 18.bxc6 bxc6 19.Rfb1 Bh6 20.Nd1 Qa5 21.Qc3 Qd8 22.a5 
g5 23.Rb7 f4 24.gxf4 gxf4 25.Nxf4 Bxf4 26.exf4 Bf5 27.R1b3 Qh4 28.Qd2 Qh2+
29.Kf1 Qh4 30.Rg3 Kf8 31.Ne3 Rab8 32.Rb6 Bd7 33.Nxg4 Bxg4 34.Re3 Qh7 35.
Bxc6 Bh3+ 36.Kg1 Rec8 37.Bd5 Bg4 38.Qb4 Rxb6 39.axb6 Qh6 40.b7 Rb8 41.Qb6 
1-0

[Event "4th Lost Boys op"]
[Site "Antwerp BEL"]
[Date "1996.08.08"]
[Round "6"]
[White "Enklaar, Bertus"]
[Black "Van der Lijn, Bas"]
[Result "1-0"]
[WhiteElo "2390"]
[BlackElo "2190"]
[EventDate "1996.08.02"]
[PlyCount "76"]

1.d4 Nf6 2.c4 g6 3.Nc3 Bg7 4.e4 d6 5.Nf3 O-O 6.Be2 Na6 7.O-O e5 8.Be3 Ng4 
9.Bg5 f6 10.Bh4 Nh6 11.dxe5 dxe5 12.Qxd8 Rxd8 13.Nd5 g5 14.Bg3 Be6 15.c5 
Bxd5 16.exd5 Nxc5 17.Rac1 Bf8 18.h4 Nf5 19.hxg5 e4 20.Nh2 Nxg3 21.fxg3 Nd3
22.Rxc7 Bd6 23.Rxb7 Rab8 24.Rxb8 Rxb8 25.Ng4 Bc5+ 26.Kh2 f5 27.Nh6+ Kh8 
28.b3 Nf2 29.Nxf5 e3 30.Rc1 Bb6 31.Nd6 Kg7 32.Rc6 Rf8 33.g4 Rd8 34.Nf5+ 
Kf8 35.Rf6+ Kg8 36.Re6 Rxd5 37.Bc4 Nxg4+ 38.Kg3 Rxf5 1-0

[Event "4th Lost Boys op"]
[Site "Antwerp BEL"]
[Date "1996.08.08"]
[Round "6"]
[White "Groffen, Hans"]
[Black "Dutreeuw, Marc"]
[Result "1/2-1/2"]
[WhiteElo "2145"]
[BlackElo "2390"]
[EventDate "1996.08.02"]
[PlyCount "44"]

1.d4 d5 2.c4 e6 3.Nc3 Be7 4.Nf3 Nf6 5.cxd5 exd5 6.Bg5 c6 7.Qc2 Na6 8.e3 
Nb4 9.Qd1 Bf5 10.Rc1 a5 11.a3 Na6 12.Ne5 Nb8 13.Bd3 Bxd3 14.Qxd3 Nfd7 15.
Bxe7 Kxe7 16.Qf5 Nxe5 17.Qxe5+ Kf8 18.O-O Nd7 19.Qf4 Qb8 20.Qh4 Qd8 21.Qf4
Qb8 22.Qh4 Qd8 1/2-1/2

[Event "4th Lost Boys op"]
[Site "Antwerp BEL"]
[Date "1996.08.08"]
[Round "6"]
[White "Meulders, Richard"]
[Black "Visser, Yge"]
[Result "0-1"]
[WhiteElo "2265"]
[BlackElo "2395"]
[EventDate "1996.08.02"]
[PlyCount "68"]

1.d4 Nf6 2.c4 g6 3.Nc3 Bg7 4.e4 d6 5.f3 O-O 6.Bg5 c5 7.d5 e6 8.Qd2 exd5 9.
cxd5 Bd7 10.a4 Na6 11.Bc4 Nb4 12.Nge2 a6 13.O-O Re8 14.Ng3 Rb8 15.a5 h5 
16.Rfe1 h4 17.Nh1 h3 18.g4 b5 19.Bf1 Qc7 20.Nf2 Nh7 21.Be3 f5 22.gxf5 gxf5
23.Bxh3 fxe4 24.Bxd7 Qxd7 25.Ncxe4 Qf5 26.Rad1 Re5 27.Nc3 Qxf3 28.Bf4 Rf5 
29.Bxd6 Bd4 30.Ne4 Ng5 31.Nxg5 Bxf2+ 32.Kf1 Qh1+ 33.Ke2 Re8+ 34.Ne6 Qf3+ 
0-1

[Event "4th Lost Boys op"]
[Site "Antwerp BEL"]
[Date "1996.08.09"]
[Round "7.1"]
[White "Sokolov, Ivan"]
[Black "Van Wely, Loek"]
[Result "0-1"]
[WhiteElo "2670"]
[BlackElo "2605"]
[EventDate "1996.08.02"]
[PlyCount "136"]

1.d4 Nf6 2.c4 g6 3.Nc3 Bg7 4.e4 d6 5.Nf3 O-O 6.Be2 e5 7.O-O Nc6 8.d5 Ne7 
9.b4 a5 10.Ba3 Nh5 11.c5 axb4 12.Bxb4 Nf4 13.Nb5 Ra6 14.Nd2 dxc5 15.Bxc5 
Nexd5 16.Bf3 Ne7 17.Nb3 Bd7 18.Nxc7 Qxc7 19.Bxe7 Re8 20.Rc1 Bc6 21.Bd6 Qd8
22.Bb4 Rxa2 23.Na5 Bb5 24.Qxd8 Rxd8 25.Ra1 Rxa1 26.Rxa1 Ra8 27.Rb1 b6 28.
Bd2 bxa5 29.Rxb5 a4 30.Ra5 Rxa5 31.Bxa5 a3 32.Bd1 Bf8 33.Bb3 Bc5 34.Bc4 
Bd4 35.Bb4 Nd3 36.Bd6 Bxf2+ 37.Kf1 Bc5 38.Bc7 Nf2 39.Bxe5 Nxe4 40.Bd5 Bd6 
41.Bd4 Nc5 42.h3 Ne6 43.Bc3 Bc5 44.Bc4 Bd4 45.Bb4 Bb2 46.Ke2 Nf4+ 47.Kf1 
Kg7 48.Bd6 Ne6 49.Ke2 Ng5 50.Be7 Ne4 51.Kd3 f5 52.Kc2 f4 53.Kd3 Nf6 54.Bd6
Nh5 55.h4 Kf6 56.Ke4 Ng3+ 57.Kf3 Bc1 58.Bb4 Nf5 59.Bc3+ Ke7 60.h5 gxh5 61.
Bd3 Nh4+ 62.Kf2 Bb2 63.Bb4+ Kf6 64.Bb1 Ke5 65.Ba5 Kd6 66.Bb4+ Kc6 67.g3 
Bd4+ 68.Kf1 a2 0-1

[Event "4th Lost Boys op"]
[Site "Antwerp BEL"]
[Date "1996.08.09"]
[Round "7.2"]
[White "Miezis, Normunds"]
[Black "Piket, Jeroen"]
[Result "1/2-1/2"]
[WhiteElo "2530"]
[BlackElo "2580"]
[EventDate "1996.08.02"]
[PlyCount "46"]

1.c4 e5 2.Nc3 Nf6 3.g3 Bb4 4.Bg2 O-O 5.e4 Bxc3 6.dxc3 d6 7.Qc2 a5 8.b3 a4 
9.Ba3 b6 10.Nf3 Bb7 11.Nd2 axb3 12.axb3 Nbd7 13.O-O Re8 14.Rfd1 Nc5 15.
Bxc5 dxc5 16.Nf1 Rxa1 17.Rxa1 Qd7 18.Ne3 g6 19.b4 Ra8 20.Rxa8+ Bxa8 21.
bxc5 bxc5 22.f3 Bc6 23.Qd1 Qd6 1/2-1/2

[Event "4th Lost Boys op"]
[Site "Antwerp BEL"]
[Date "1996.08.09"]
[Round "7.3"]
[White "Nijboer, Friso"]
[Black "Ye Rongguang"]
[Result "1/2-1/2"]
[WhiteElo "2525"]
[BlackElo "2490"]
[EventDate "1996.08.02"]
[PlyCount "32"]

1.e4 e5 2.Nf3 Nf6 3.d4 exd4 4.e5 Ne4 5.Qxd4 d5 6.exd6 Nxd6 7.Bg5 Nc6 8.
Qe3+ Be7 9.Bxe7 Qxe7 10.Qxe7+ Nxe7 11.Nc3 Bf5 12.Nd4 Bg6 13.O-O-O O-O-O 
14.Bd3 Bxd3 15.Rxd3 Ndf5 16.Rhd1 Nxd4 1/2-1/2

[Event "4th Lost Boys op"]
[Site "Antwerp BEL"]
[Date "1996.08.09"]
[Round "7.4"]
[White "Legky, Nikolai"]
[Black "Oll, Lembit"]
[Result "1/2-1/2"]
[WhiteElo "2540"]
[BlackElo "2620"]
[EventDate "1996.08.02"]
[PlyCount "126"]

1.d4 Nf6 2.c4 e6 3.Nc3 Bb4 4.e3 c5 5.Ne2 cxd4 6.exd4 d5 7.c5 Ne4 8.Bd2 
Nxd2 9.Qxd2 Qd7 10.a3 Ba5 11.g3 O-O 12.Bg2 Nc6 13.O-O Bd8 14.b4 Bf6 15.b5 
Ne7 16.Rab1 Qc7 17.a4 Bd7 18.Rfd1 a6 19.Qb2 Rfb8 20.Qb4 g6 21.f4 Nf5 22.
Rd3 Be7 23.Qb2 axb5 24.axb5 Ra5 25.Kh1 Bf6 26.Qd2 Rba8 27.Bh3 Ra1 28.Bxf5 
Rxb1+ 29.Nxb1 Bxb5 30.Nbc3 Bc4 31.Bg4 Bxd3 32.Qxd3 b6 33.cxb6 Qxb6 34.Kg2 
Qb4 35.h4 Ra3 36.h5 Kg7 37.Qe3 Ra6 38.Bf3 Rc6 39.g4 Kf8 40.f5 g5 41.fxe6 
fxe6 42.h6 Qc4 43.Qd2 Rc8 44.Qe3 Kf7 45.Nd1 Rb8 46.Qa3 Rb3 47.Qa7+ Be7 48.
Nf2 Rb2 49.Qa8 Rxe2 50.Bxe2 Qxe2 51.Qh8 Qc2 52.Qg7+ Ke8 53.Kf3 Qb1 54.Qg8+
Kd7 55.Qg7 Qc2 56.Ke3 Qc1+ 57.Ke2 Qf4 58.Qxh7 Qxd4 59.Qg7 Qf6 60.Nd3 e5 
61.Nxe5+ Ke8 62.Qg8+ Bf8 63.Qxd5 Bxh6 1/2-1/2

[Event "4th Lost Boys op"]
[Site "Antwerp BEL"]
[Date "1996.08.09"]
[Round "7.5"]
[White "Gurevich, Mikhail"]
[Black "Rotsagov, Mihhail"]
[Result "1-0"]
[WhiteElo "2605"]
[BlackElo "2495"]
[EventDate "1996.08.02"]
[PlyCount "45"]

1.c4 Nf6 2.Nc3 e5 3.g3 Bc5 4.Bg2 O-O 5.e3 Nc6 6.Nge2 d5 7.Nxd5 Nxd5 8.cxd5
Nb4 9.Qb3 c6 10.d4 exd4 11.exd4 Bb6 12.dxc6 Nxc6 13.d5 Qf6 14.Be3 Bxe3 15.
Qxe3 Bg4 16.Qf4 Qxb2 17.O-O Bxe2 18.Rfb1 Qa3 19.dxc6 bxc6 20.Bxc6 Rad8 21.
Rb7 a6 22.Ba4 Bf3 23.Rb3 1-0

[Event "4th Lost Boys op"]
[Site "Antwerp BEL"]
[Date "1996.08.09"]
[Round "7.6"]
[White "Kogan, Artur"]
[Black "Novikov, Igor"]
[Result "0-1"]
[WhiteElo "2475"]
[BlackElo "2585"]
[EventDate "1996.08.02"]
[PlyCount "70"]

1.Nf3 d5 2.b3 c5 3.Bb2 f6 4.e4 dxe4 5.Nh4 Nh6 6.Bb5+ Bd7 7.Qh5+ Nf7 8.Nc3 
Bxb5 9.Nxb5 g5 10.O-O-O gxh4 11.Rhe1 Nc6 12.Rxe4 Bg7 13.d4 O-O 14.Rxh4 h6 
15.Rg4 a6 16.dxc5 Qc8 17.Nd6 Nxd6 18.cxd6 Qe6 19.Qg6 Rf7 20.Re4 Qc8 21.Rd3
exd6 22.Rg3 Ne7 23.Rxe7 Rxe7 24.Qxf6 Qf8 25.Qd4 Rae8 26.Bc3 Kh8 27.Rxg7 
Rxg7 28.f4 Kg8 29.g4 Qe7 30.Kb2 Rc8 31.Qd5+ Qf7 32.Qxd6 Rxg4 33.Be5 Rg2 
34.Qxh6 Rgxc2+ 35.Ka3 Qf8+ 0-1

[Event "4th Lost Boys op"]
[Site "Antwerp BEL"]
[Date "1996.08.09"]
[Round "7.8"]
[White "Lane, Gary"]
[Black "Shchekachev, Andrei"]
[Result "0-1"]
[WhiteElo "2405"]
[BlackElo "2560"]
[EventDate "1996.08.02"]
[PlyCount "80"]

1.e4 d6 2.d4 g6 3.Nc3 Bg7 4.Nge2 Nf6 5.g3 O-O 6.Bg2 e5 7.h3 Nc6 8.Be3 Bd7 
9.O-O a6 10.a4 exd4 11.Nxd4 Re8 12.Nde2 h5 13.f4 Qc8 14.Kh2 Nb4 15.f5 gxf5
16.Nf4 Re5 17.Bd4 h4 18.Bxe5 hxg3+ 19.Kxg3 dxe5 20.Nfd5 Nbxd5 21.Nxd5 Nxd5
22.Qxd5 Be6 23.Qd3 f4+ 24.Kh2 Bf8 25.Qf3 Qd8 26.Qh5 Qf6 27.Bf3 Bc5 28.Bg4 
Bc4 29.Rfd1 Kg7 30.Bf5 Rh8 31.Qf3 Bd4 32.Rxd4 exd4 33.Qxf4 Qe7 34.b3 Be2 
35.e5 Qh4 36.Rg1+ Kf8 37.Qd2 Qf2+ 38.Rg2 Qxf5 39.Qxe2 Rxh3+ 40.Kg1 Re3 0-1

[Event "4th Lost Boys op"]
[Site "Antwerp BEL"]
[Date "1996.08.09"]
[Round "7.9"]
[White "Suba, Mihai"]
[Black "Bosboom, Manuel"]
[Result "1-0"]
[WhiteElo "2520"]
[BlackElo "2410"]
[EventDate "1996.08.02"]
[PlyCount "97"]

1.d4 Nf6 2.c4 c5 3.d5 b5 4.cxb5 a6 5.bxa6 g6 6.Nc3 Qa5 7.Bd2 Bxa6 8.e4 
Bxf1 9.Kxf1 d6 10.g4 Na6 11.g5 Nd7 12.Nce2 Qb5 13.Bc3 f6 14.Kg2 Bg7 15.Nf4
Nc7 16.Ne6 Nxe6 17.dxe6 Ne5 18.Bxe5 dxe5 19.gxf6 exf6 20.a4 Qc6 21.Qd5 Ra6
22.Ne2 Qxe6 23.Qxe6+ Rxe6 24.Rhc1 Bf8 25.Nc3 Ra6 26.Nd5 Kf7 27.Rc3 Bd6 28.
Rf3 f5 29.exf5 e4 30.Rb3 gxf5 31.a5 Rg8+ 32.Kh1 Be5 33.Rb7+ Ke6 34.Nc7+ 
Bxc7 35.Rxc7 Rb8 36.Rxc5 Rxb2 37.Kg1 Kf6 38.h4 f4 39.Ra4 Re2 40.Rh5 Kg6 
41.Rg5+ Kf6 42.Kg2 h6 43.Rb5 Ra7 44.a6 Rg7+ 45.Kf1 f3 46.a7 Rc7 47.Ra6+ 
Kg7 48.Kg1 e3 49.Rb1 1-0

[Event "4th Lost Boys op"]
[Site "Antwerp BEL"]
[Date "1996.08.09"]
[Round "7.10"]
[White "Van Mil, Johannes"]
[Black "Van der Sterren, Paul"]
[Result "0-1"]
[WhiteElo "2405"]
[BlackElo "2510"]
[EventDate "1996.08.02"]
[PlyCount "71"]

1.e4 e5 2.Nc3 Nf6 3.g3 d5 4.exd5 Nxd5 5.Bg2 Nxc3 6.bxc3 Bd6 7.Nf3 O-O 8.
O-O Nc6 9.Rb1 Rb8 10.d4 h6 11.Nd2 Na5 12.dxe5 Bxe5 13.Rb5 Bxc3 14.Rd5 Qe7 
15.Nb1 Bb4 16.a3 Bc5 17.Re1 Be6 18.Qh5 b6 19.Nc3 c6 20.Rdd1 Rbd8 21.Ne4 
Rxd1 22.Rxd1 Bxa3 23.Bxh6 gxh6 24.Qxh6 f6 25.Re1 Bd5 26.Re3 Nc4 27.Rd3 
Bxe4 28.Bxe4 Qxe4 29.Rd4 Qe1+ 30.Kg2 Ne5 31.Rh4 Kf7 32.Qh7+ Ke6 33.Qxa7 
Qa5 34.Qg7 Qd5+ 35.Kh3 Nf3 36.Rh7 0-1

[Event "4th Lost Boys op"]
[Site "Antwerp BEL"]
[Date "1996.08.09"]
[Round "7.11"]
[White "Akesson, Ralf"]
[Black "Eliet, Nicolas"]
[Result "1/2-1/2"]
[WhiteElo "2500"]
[BlackElo "2380"]
[EventDate "1996.08.02"]
[PlyCount "58"]

1.d4 Nf6 2.c4 e5 3.dxe5 Ne4 4.Nd2 Nc5 5.Ngf3 Nc6 6.g3 d6 7.exd6 Bxd6 8.Bg2
Bg4 9.O-O Qe7 10.a3 a5 11.b3 O-O 12.Bb2 f5 13.e3 Nd3 14.Bc3 Rad8 15.Qc2 
Bc5 16.Nd4 Nxf2 17.Rxf2 Qxe3 18.Nf1 Nxd4 19.Nxe3 Nxc2 20.Nxc2 f4 21.gxf4 
Rxf4 22.Rf1 Bd1 23.Ne1 Be2 24.b4 axb4 25.axb4 Bxf1 26.bxc5 Rxc4 27.Bxg7 
Kxg7 28.Kxf1 Rxc5 29.Bxb7 Rf8 1/2-1/2

[Event "4th Lost Boys op"]
[Site "Antwerp BEL"]
[Date "1996.08.09"]
[Round "7.13"]
[White "Visser, Yge"]
[Black "Barsov, Alexei"]
[Result "1-0"]
[WhiteElo "2395"]
[BlackElo "2475"]
[EventDate "1996.08.02"]
[PlyCount "73"]

1.e4 e6 2.d3 d5 3.Nd2 c5 4.g3 g6 5.Bg2 Bg7 6.Ngf3 Nc6 7.O-O Nge7 8.Re1 h6 
9.c3 a5 10.a4 b6 11.exd5 exd5 12.Nb3 O-O 13.d4 c4 14.Nbd2 Rb8 15.b3 cxb3 
16.Qxb3 Ba6 17.Ba3 b5 18.axb5 Bxb5 19.Ne5 Nxe5 20.dxe5 Bf1 21.Qa4 Bxg2 22.
Kxg2 Re8 23.Nf3 Nc8 24.Bc5 Ra8 25.Rab1 Bf8 26.Bxf8 Rxf8 27.Rb7 Ra6 28.Qb5 
Rb6 29.Rxb6 Qxb6 30.Qxd5 Ne7 31.Qd6 Qb7 32.e6 fxe6 33.Qxe6+ Rf7 34.Re4 Kf8
35.Qe5 g5 36.Nd4 Ke8 37.Nb5 1-0

[Event "4th Lost Boys op"]
[Site "Antwerp BEL"]
[Date "1996.08.09"]
[Round "7.14"]
[White "Maes, Wim"]
[Black "Polaczek, Richard"]
[Result "1/2-1/2"]
[WhiteElo "2205"]
[BlackElo "2420"]
[EventDate "1996.08.02"]
[PlyCount "27"]

1.e4 Nf6 2.Nc3 d5 3.exd5 Nxd5 4.Bc4 Nb6 5.Bb3 Nc6 6.d3 Nd4 7.Be3 Nxb3 8.
axb3 Nd5 9.Qf3 e6 10.Nge2 Be7 11.O-O O-O 12.Nf4 Nb4 13.Rfc1 Nc6 14.Nh5 
1/2-1/2

[Event "4th Lost Boys op"]
[Site "Antwerp BEL"]
[Date "1996.08.09"]
[Round "7.15"]
[White "Blees, Albert"]
[Black "Jonkman, Harmen"]
[Result "1-0"]
[WhiteElo "2415"]
[BlackElo "2325"]
[EventDate "1996.08.02"]
[PlyCount "97"]

1.e4 e5 2.Nf3 Nc6 3.Bc4 Nf6 4.d3 Bc5 5.c3 a6 6.O-O Ba7 7.Nbd2 O-O 8.h3 d6 
9.Bb3 Be6 10.Bc2 d5 11.Re1 dxe4 12.dxe4 Nh5 13.Nf1 Qxd1 14.Bxd1 Nf4 15.
Bxf4 exf4 16.Bb3 Rae8 17.Rad1 Bc8 18.N1d2 g6 19.e5 Kg7 20.Bd5 Ne7 21.Be4 
Rd8 22.Nb3 Bb6 23.Nbd4 h6 24.Bc2 c5 25.Ne2 g5 26.h4 f6 27.exf6+ Kxf6 28.
Nd2 Bf5 29.Ne4+ Kg6 30.g4 Bxg4 31.Nxg5+ Kg7 32.Nxf4 Rxd1 33.Nge6+ Bxe6 34.
Nxe6+ Kf6 35.Bxd1 Rg8+ 36.Kf1 Nf5 37.Nf4 Bd8 38.Re6+ Kg7 39.h5 Bg5 40.Nd5 
Rd8 41.Bf3 Kf7 42.Re5 Ng7 43.Nb6 Be7 44.Bxb7 a5 45.Nc4 a4 46.Ke1 Kf6 47.
Bd5 Rd7 48.f4 Bd8 49.Nd2 1-0

[Event "4th Lost Boys op"]
[Site "Antwerp BEL"]
[Date "1996.08.09"]
[Round "7.16"]
[White "Overeem, Marc"]
[Black "Vaganian, Rafael"]
[Result "0-1"]
[WhiteElo "2330"]
[BlackElo "2595"]
[EventDate "1996.08.02"]
[PlyCount "102"]

1.c4 e6 2.Nc3 d5 3.d4 Be7 4.cxd5 exd5 5.Bf4 c6 6.Qc2 Bd6 7.Bg3 Ne7 8.e3 
Bf5 9.Bd3 Bxd3 10.Qxd3 O-O 11.Nf3 Ng6 12.O-O-O a5 13.Kb1 a4 14.Ne5 a3 15.
b3 Na6 16.h4 Ne7 17.Ne2 Nb4 18.Qd2 Nf5 19.Bf4 Nxh4 20.Nxc6 Nxc6 21.Bxd6 
Qxd6 22.Rxh4 Qg6+ 23.Ka1 Rfc8 24.Nf4 Qe4 25.f3 Qe7 26.Rh5 g6 27.Rxd5 Nb4 
28.Re5 Qd6 29.Nd3 Nxd3 30.Qxd3 Rc6 31.Rc5 Rxc5 32.dxc5 Qxc5 33.Kb1 Rc8 34.
Qd2 h5 35.e4 Kh7 36.Qd3 Rc7 37.Qd2 f5 38.Qd3 Qf2 39.Qd2 Qxd2 40.Rxd2 fxe4 
41.fxe4 Kh6 42.Rd5 h4 43.e5 g5 44.e6 Re7 45.Kc2 Rxe6 46.Kd2 Re4 47.Ra5 Rg4
48.Rxa3 Rxg2+ 49.Ke1 h3 50.Kf1 Rg3 51.Ra8 Kg7 0-1

[Event "4th Lost Boys op"]
[Site "Antwerp BEL"]
[Date "1996.08.09"]
[Round "7.17"]
[White "Lobron, Eric"]
[Black "Vanderwaeren, Serge"]
[Result "1-0"]
[WhiteElo "2585"]
[BlackElo "2315"]
[EventDate "1996.08.02"]
[PlyCount "96"]

1.d4 e6 2.Nf3 Nf6 3.e3 b6 4.Bd3 Bb7 5.O-O c5 6.c4 d6 7.Nc3 Nbd7 8.b3 a6 9.
Bb2 Be7 10.Re1 O-O 11.d5 e5 12.e4 g6 13.Ne2 b5 14.Bc1 b4 15.Bh6 Re8 16.Qc1
Nh5 17.g4 Ng7 18.Kh1 Nf6 19.Rg1 Bc8 20.h3 a5 21.Ng3 Bf8 22.a3 Bd7 23.a4 
Bc8 24.Ra2 Ra7 25.Nh2 Kh8 26.Bg5 Be7 27.Be3 h5 28.f4 exf4 29.Bxf4 hxg4 30.
Nxg4 Nh7 31.e5 Bxg4 32.hxg4 dxe5 33.Be3 Ng5 34.Rh2+ Kg8 35.Kg2 e4 36.Nxe4 
Nxe4 37.Rgh1 f5 38.gxf5 gxf5 39.Bxe4 fxe4 40.Qf1 Bf6 41.Rh6 Ra6 42.Qf4 Qd7
43.Rxf6 Rxf6 44.Qxf6 Qg4+ 45.Kf2 Re5 46.Ke1 Rf5 47.Qd8+ Kf7 48.Rg1 Rf1+ 
1-0

[Event "4th Lost Boys op"]
[Site "Antwerp BEL"]
[Date "1996.08.09"]
[Round "7.18"]
[White "Kuijf, Marinus"]
[Black "Tondivar, Babak"]
[Result "1-0"]
[WhiteElo "2475"]
[BlackElo "2305"]
[EventDate "1996.08.02"]
[PlyCount "121"]

1.e4 e6 2.d4 d5 3.Nc3 Bb4 4.e5 c5 5.a3 Ba5 6.b4 cxd4 7.Qg4 Ne7 8.Nb5 Bc7 
9.f4 Nf5 10.Bd3 h5 11.Qh3 a6 12.Bxf5 exf5 13.Nxd4 Nc6 14.Bb2 Nxd4 15.Bxd4 
Bb6 16.Ne2 Be6 17.c3 Rc8 18.O-O Rh6 19.Kh1 Kf8 20.Rad1 Bxd4 21.Nxd4 Rc4 
22.Qd3 Qc8 23.Rf3 Bd7 24.Re1 Kg8 25.Rh3 Be6 26.Ree3 Rh8 27.Rhg3 g6 28.Qd1 
Kg7 29.Rd3 Bd7 30.Qe1 Be6 31.Qe2 Qd7 32.Qd1 Qc8 33.Qd2 Qd7 34.Qe2 Qc8 35.
Kg1 Qd7 36.Qd1 Qc8 37.Rh3 Qd7 38.Rdg3 Qc8 39.Kf2 Kf8 40.Ke1 Ke7 41.Rd3 Kf8
42.Kd2 Qd7 43.Rhg3 Kg7 44.Kc1 Qe7 45.Kb2 a5 46.Qa4 axb4 47.axb4 b6 48.Rd1 
Rcc8 49.Qa6 Qc7 50.Ra1 Rb8 51.Qd3 Kh7 52.Rf3 Rhc8 53.Rff1 Qc4 54.Qxc4 dxc4
55.Ra7 Bd5 56.g3 h4 57.e6 Rf8 58.Rd7 Be4 59.exf7 Rb7 60.Rxb7 Bxb7 61.Ne6 
1-0

[Event "4th Lost Boys op"]
[Site "Antwerp BEL"]
[Date "1996.08.09"]
[Round "7.19"]
[White "Van den Doel, Erik"]
[Black "Van Mechelen, Jan"]
[Result "1-0"]
[WhiteElo "2440"]
[BlackElo "2300"]
[EventDate "1996.08.02"]
[PlyCount "59"]

1.e4 c5 2.Nf3 d6 3.d4 cxd4 4.Nxd4 Nf6 5.Nc3 a6 6.f4 Qc7 7.Qf3 g6 8.Be3 Bg7
9.h3 O-O 10.O-O-O Nbd7 11.g4 Nb6 12.g5 Nfd7 13.f5 Ne5 14.Qf2 Re8 15.Ndb5 
axb5 16.Bxb6 Qb8 17.Bxb5 Bd7 18.Bxd7 Nxd7 19.Bd4 b5 20.Bxg7 Kxg7 21.Qd4+ 
Kg8 22.Qb4 Nb6 23.h4 Rc8 24.h5 Rc4 25.Qxb5 Rxc3 26.bxc3 Rxa2 27.hxg6 d5 
28.gxh7+ Kh8 29.g6 fxg6 30.fxg6 1-0

[Event "4th Lost Boys op"]
[Site "Antwerp BEL"]
[Date "1996.08.09"]
[Round "7.20"]
[White "Dutreeuw, Marc"]
[Black "De Jager, Jaap"]
[Result "1-0"]
[WhiteElo "2390"]
[BlackElo "2205"]
[EventDate "1996.08.02"]
[PlyCount "79"]

1.e4 e6 2.d4 d5 3.Nc3 Bb4 4.e5 Ne7 5.Bd2 b6 6.Nf3 Bxc3 7.Bxc3 Ba6 8.Bxa6 
Nxa6 9.Qe2 Nb8 10.Bb4 O-O 11.O-O-O a5 12.Bxe7 Qxe7 13.Kb1 a4 14.a3 c5 15.
c4 Rd8 16.cxd5 exd5 17.Rhe1 Qe6 18.Qc2 c4 19.Ng5 Qg6 20.Qxg6 fxg6 21.e6 
Nc6 22.Nf7 Re8 23.Nd6 Re7 24.Nb5 Rb7 25.Nc3 Ra5 26.f4 Kf8 27.g4 Ke7 28.f5 
gxf5 29.gxf5 Kf6 30.Re3 Re7 31.Rf3 Re8 32.Rf2 Ne7 33.Rdf1 Raa8 34.Na2 b5 
35.Nb4 Rab8 36.Rg2 Rb6 37.Re2 Rd6 38.Re5 Red8 39.Kc2 Kg5 40.f6+ 1-0

[Event "4th Lost Boys op"]
[Site "Antwerp BEL"]
[Date "1996.08.09"]
[Round "7.24"]
[White "Van Riemsdijk, Herman Claudius"]
[Black "Groffen, Hans"]
[Result "1-0"]
[WhiteElo "2425"]
[BlackElo "2145"]
[EventDate "1996.08.02"]
[PlyCount "75"]

1.e4 e6 2.d4 d5 3.Nc3 Nf6 4.Bg5 Bb4 5.e5 h6 6.Bd2 Bxc3 7.Bxc3 Ne4 8.Ne2 c5
9.dxc5 Nxc3 10.Nxc3 Nc6 11.Bb5 O-O 12.Bxc6 bxc6 13.O-O Qa5 14.Qd2 Qxc5 15.
Rfe1 Rb8 16.b3 f6 17.Na4 Qb4 18.c3 Qe7 19.b4 Bd7 20.Nc5 Rbe8 21.exf6 Rxf6 
22.Re5 Ref8 23.f3 Bc8 24.Rae1 Rf5 25.Qd4 Rxe5 26.Rxe5 Rf6 27.f4 Qf7 28.g3 
g5 29.fxg5 Rf1+ 30.Kg2 Qf3+ 31.Kh3 Re1 32.gxh6 Kh7 33.Qd3+ Qxd3 34.Nxd3 
Rd1 35.Nc5 Rc1 36.Kh4 Rxc3 37.Kh5 Rc4 38.Nxe6 1-0

[Event "4th Lost Boys op"]
[Site "Antwerp BEL"]
[Date "1996.08.10"]
[Round "8.4"]
[White "Novikov, Igor"]
[Black "Nijboer, Friso"]
[Result "1/2-1/2"]
[WhiteElo "2585"]
[BlackElo "2525"]
[EventDate "1996.08.02"]
[PlyCount "35"]

1.c4 Nf6 2.d4 g6 3.Nc3 d6 4.e4 Bg7 5.f3 O-O 6.Bg5 a6 7.Qd2 Nbd7 8.Nge2 c5 
9.Bh6 e5 10.Bxg7 Kxg7 11.dxc5 Nxc5 12.O-O-O Be6 13.Ng3 b5 14.Qxd6 Qxd6 15.
Rxd6 bxc4 16.Be2 Rfc8 17.Nf1 Ne8 18.Rd2 1/2-1/2

[Event "4th Lost Boys op"]
[Site "Antwerp BEL"]
[Date "1996.08.10"]
[Round "8.6"]
[White "Shchekachev, Andrei"]
[Black "Blees, Albert"]
[Result "1/2-1/2"]
[WhiteElo "2560"]
[BlackElo "2415"]
[EventDate "1996.08.02"]
[PlyCount "58"]

1.e4 c5 2.Nf3 d6 3.d4 cxd4 4.Nxd4 Nf6 5.Nc3 a6 6.Be2 e5 7.Nb3 Be7 8.O-O 
O-O 9.Kh1 Be6 10.f4 exf4 11.Bxf4 Nc6 12.Qe1 Qc7 13.Qg3 Ne5 14.Nd4 Rad8 15.
Bg5 Ne8 16.Be3 Nf6 17.Rae1 b5 18.a3 Qb7 19.Bh6 Ng6 20.Be3 Nxe4 21.Nxe4 
Qxe4 22.Bd3 Qh4 23.Bxg6 hxg6 24.Nc6 Rc8 25.Rf4 Qg5 26.Re4 Qf6 27.Bd4 Qg5 
28.Be3 Qf6 29.Bd4 Qg5 1/2-1/2

[Event "4th Lost Boys op"]
[Site "Antwerp BEL"]
[Date "1996.08.10"]
[Round "8.7"]
[White "Van der Sterren, Paul"]
[Black "Legky, Nikolai"]
[Result "1-0"]
[WhiteElo "2510"]
[BlackElo "2540"]
[EventDate "1996.08.02"]
[PlyCount "87"]

1.d4 Nf6 2.c4 c5 3.d5 e5 4.Nc3 d6 5.e4 Nbd7 6.Be3 a6 7.h3 Be7 8.Bd3 O-O 9.
Nge2 Ne8 10.Qd2 b6 11.g4 Nc7 12.a4 Re8 13.g5 Nf8 14.h4 Bd7 15.Kd1 b5 16.b3
Rb8 17.Kc2 bxa4 18.bxa4 Rb4 19.a5 Qc8 20.h5 Nb5 21.cxb5 c4 22.b6 cxd3+ 23.
Qxd3 Bb5 24.Qd2 Ba4+ 25.Rxa4 Rxa4 26.Qd3 Ra2+ 27.Kb3 Rxa5 28.Kb4 Rc5 29.
Ra1 Nd7 30.Qxa6 Qb8 31.Bxc5 Nxc5 32.Qa7 Bxg5 33.Kb5 Qc8 34.Qc7 Qh3 35.Ng3 
Qg2 36.Qc6 Rf8 37.Ra8 Be7 38.Nf5 Qg5 39.b7 Nxb7 40.Qxb7 Bd8 41.Qd7 g6 42.
hxg6 hxg6 43.Nxd6 Kg7 44.Ne8+ 1-0

[Event "4th Lost Boys op"]
[Site "Antwerp BEL"]
[Date "1996.08.10"]
[Round "8.8"]
[White "Enklaar, Bertus"]
[Black "Suba, Mihai"]
[Result "0-1"]
[WhiteElo "2390"]
[BlackElo "2520"]
[EventDate "1996.08.02"]
[PlyCount "120"]

1.d4 Nf6 2.c4 e6 3.Nc3 Bb4 4.e3 O-O 5.Bd3 c5 6.Nf3 d5 7.O-O dxc4 8.Bxc4 
Nbd7 9.Qe2 b6 10.d5 Bxc3 11.dxe6 Ne5 12.exf7+ Kh8 13.bxc3 Bg4 14.e4 Qe7 
15.Re1 b5 16.Bxb5 Nh5 17.Bc4 Qf6 18.Bg5 Bxf3 19.Bxf6 Bxe2 20.Bd5 gxf6 21.
Bxa8 Bd3 22.Bd5 c4 23.Re3 Kg7 24.g3 Rd8 25.f4 Ng4 26.Ree1 Nh6 27.Be6 Rd6 
28.Bh3 Kxf7 29.e5 Rb6 30.Bg2 f5 31.Bf3 Ng7 32.Be2 Ne6 33.h3 Ng8 34.Bxd3 
cxd3 35.Reb1 Nc5 36.Rxb6 axb6 37.Kf2 h5 38.Ke3 Ne7 39.c4 Nc6 40.Rb1 Na5 
41.Kd4 d2 42.Rd1 Ne4 43.g4 Nc6+ 44.Ke3 Kg6 45.e6 Ne7 46.a4 Nc6 47.Rg1 h4 
48.Rd1 Kf6 49.gxf5 Kxf5 50.Rg1 Na5 51.Kd4 Nb3+ 52.Kd5 Nf6+ 53.Kc6 Kxe6 54.
Kxb6 Nd7+ 55.Kb5 Kf5 56.a5 Kxf4 57.Kb4 Nd4 58.a6 Ke3 59.c5 Kd3 60.Rh1 Nc6+
0-1